Every Song by Franz Ferdinand - Statistics

General Stats
  • This quiz has been taken 55 times
    16 since last reset
  • The average score is 23 of 84
Answer Stats
Album Song % Correct
Franz Ferdinand(2004) Take Me Out
100%
Franz Ferdinand(2004) This Fire
75%
Right Thoughts, Right Words, Right Action(2013) Love Illumination
67%
Tonight: Franz Ferdinand(2009) No You Girls
67%
Franz Ferdinand(2004) The Dark of the Matinée
67%
Franz Ferdinand(2004) 40'
58%
Franz Ferdinand(2004) Darts of Pleasure
58%
You Could Have It So Much Better(2005) Do You Want To
58%
Right Thoughts, Right Words, Right Action(2013) Right Action
58%
You Could Have It So Much Better(2005) The Fallen
58%
Always Ascending(2018) Always Ascending
50%
The Human Fear(2025) Audacious
50%
The Human Fear(2025) Cats
50%
Right Thoughts, Right Words, Right Action(2013) Evil Eye
50%
Franz Ferdinand(2004) Jacqueline
50%
Franz Ferdinand(2004) Michael
50%
The Human Fear(2025) Night or Day
50%
Right Thoughts, Right Words, Right Action(2013) Stand on the Horizon
50%
Tonight: Franz Ferdinand(2009) Ulysses
50%
You Could Have It So Much Better(2005) Walk Away
50%
You Could Have It So Much Better(2005) You Could Have It So Much Better
50%
Hits to the Head(2022) Billy Goodbye
42%
The Human Fear(2025) Black Eyelashes
42%
The Human Fear(2025) Build It Up
42%
Hits to the Head(2022) Curious
42%
The Human Fear(2025) Hooked
42%
The Human Fear(2025) The Birds
42%
You Could Have It So Much Better(2005) This Boy
42%
Right Thoughts, Right Words, Right Action(2013) Bullet
33%
Franz Ferdinand(2004) Cheating on You
33%
You Could Have It So Much Better(2005) Eleanor Put Your Boots On
33%
The Human Fear(2025) Everydaydreamer
33%
You Could Have It So Much Better(2005) Fade Together
33%
Right Thoughts, Right Words, Right Action(2013) Fresh Strawberries
33%
Tonight: Franz Ferdinand(2009) Lucid Dreams
33%
You Could Have It So Much Better(2005) Outsiders
33%
The Human Fear(2025) The Doctor
33%
Franz Ferdinand(2004) Auf Achse
25%
The Human Fear(2025) Bar Lonely
25%
Tonight: Franz Ferdinand(2009) Bite Hard
25%
Franz Ferdinand(2004) Come on Home
25%
Tonight: Franz Ferdinand(2009) Katherine Kiss Me
25%
Always Ascending(2018) Lazy Boy
25%
Franz Ferdinand(2004) Tell Her Tonight
25%
Right Thoughts, Right Words, Right Action(2013) Treason! Animals.
25%
Right Thoughts, Right Words, Right Action(2013) Brief Encounters
17%
Tonight: Franz Ferdinand(2009) Can't Stop Feeling
17%
Tonight: Franz Ferdinand(2009) Dream Again
17%
Always Ascending(2018) Finally
17%
Always Ascending(2018) Glimpse of Love
17%
Right Thoughts, Right Words, Right Action(2013) Goodbye Lovers & Friends
17%
Always Ascending(2018) Huck and Jim
17%
You Could Have It So Much Better(2005) I'm Your Villain
17%
Always Ascending(2018) Lois Lane
17%
Always Ascending(2018) The Academy Award
17%
Right Thoughts, Right Words, Right Action(2013) The Universe Expanded
17%
Tonight: Franz Ferdinand(2009) Turn It On
17%
Tonight: Franz Ferdinand(2009) What She Came For
17%
You Could Have It So Much Better(2005) What You Meant
17%
You Could Have It So Much Better(Bonus)(2005) Your Diary
17%
You Could Have It So Much Better(2005) You're the Reason I'm Leaving
17%
You Could Have It So Much Better(2005) Evil and a Heathen
8%
Always Ascending(2018) Feel the Love Go
8%
Always Ascending(2018) Paper Cages
8%
Franz Ferdinand(Bonus)(2004) Shopping for Blood
8%
Always Ascending(2018) Slow Don't Kill Me Slow
8%
The Human Fear(2025) Tell Me I Should Stay
8%
Tonight: Franz Ferdinand(2009) Twilight Omens
8%
Franz Ferdinand(Bonus)(2004) Words So Leisured
8%
Franz Ferdinand(Bonus)(2004) All for You, Sophia
0%
Tonight: Franz Ferdinand(Bonus)(2009) Anyone in Love
0%
Always Ascending(Bonus)(2018) Demagogue
0%
You Could Have It So Much Better(Bonus)(2005) Fabulously Lazy
0%
Non-Album(2004) Get Up and Use Me
0%
The Human Fear(Bonus)(2025) It's Funny
0%
Tonight: Franz Ferdinand(2009) Live Alone
0%
Franz Ferdinand(Bonus)(2004) Love and Destroy
0%
Tonight: Franz Ferdinand(Bonus)(2009) New Kind of Thrill
0%
Tonight: Franz Ferdinand(2009) Send Him Away
0%
Non-Album(2006) Swallow, Smile
0%
Franz Ferdinand(Bonus)(2004) Truck Stop
0%
Franz Ferdinand(Bonus)(2004) Van Tango
0%
You Could Have It So Much Better(2005) Well That Was Easy
0%
Tonight: Franz Ferdinand(Bonus)(2009) You Never Go Out Anymore
0%
No matching quizzes found
Score Distribution
Percent of People with Each Score
Percentile by Number Answered
Your Score History
You have not taken this quiz since the last reset